Statistics for Last Name Vocabulary

Click here to take the quiz!

General Stats

  • This quiz has been taken 32,101 times
  • The average score is 13 of 22

Answer Stats

DefinitionCelebrity% Correct
Boat trip taken for pleasureTom {Cruise}
97%
Sides of riversTyra {Banks}
94%
Young gooseRyan {Gosling}
90%
Bird that rises from its own ashesRiver {Phoenix}
88%
Card suit that outranks all othersDonald {Trump}
88%
Leader of the Catholic churchAlexander {Pope}
88%
Metal workerWill {Smith}
84%
One who makes barrelsBradley {Cooper}
82%
Rapid. Or, a type of birdTaylor {Swift}
78%
Person who steers a boat in
rowing (short version)
Courteney {Cox}
77%
The rear of a boatHoward {Stern}
68%
Wreath of flowers or leavesJudy {Garland}
60%
Archaic way of saying "two"Mark {Twain}
54%
Catholic leader in charge of a dioceseJoey {Bishop}
52%
Shallow area of a river that
allows for crossing
Henry {Ford}
49%
One who has received a varsity letterDavid {Letterman}
38%
Marsh plant used for making
baskets or mats
Geoffrey {Rush}
38%
Luxurious country vacation homeDavid {Villa}
28%
BarbaricRandy {Savage}
26%
Administrative subdivision of a cityHines {Ward}
24%
Hearty; robustNathan {Hale}
16%
WelfareBob {Dole}
14%

Score Distribution

Percentile by Number Answered

Percent of People with Each Score

Your Score History

You have not taken this quiz